000 01149nam a2200313 i 4500
001 000006837
003 DO-SdBNP
005 20260324104359.0
007 ta
008 090903s1991 dr 000 0 spa d
040 _aDO-SdBNP
_bspa
_cBNPHU
_erda
082 4 _a371.2609728
_bG897a
_222
100 1 _aGuadamuz Sandoval, Lorenzo,
_917392
_eautor
245 1 0 _aAnálisis de los determinantes del rendimiento escolar /
_cLorenzo Guadamuz Sandoval.
264 _aSanto Domingo :
_bTaller,
_c1991.
300 _a220 páginas ;
_c23 cm.
336 _2rdacontent
_atexto
_btxt
337 _2rdamedia
_asin mediación
_bn
338 _2rdacarrier
_avolumen
_bnc
500 _aIncluye referencias bibliográficas y notas al pie de las páginas
504 _aBibliografía : p. 213-220
590 _aInventariado,2018/DG
650 7 _aEducación
_951588
_zAmérica Latina
_2LIBRUNAM
650 4 _aEvaluación educativa
_zAmérica Central
_918995
650 4 _aRendimiento académico
_zAmérica Central
_918996
650 4 _aMediciones y pruebas educativas
_zAmérica Central
_918997
910 _aValidado. Control de calidad. MMOLINA
942 _2ddc
_cLBS1
999 _c6625
_d6625